000 00302nam a22001337a 4500
008 180814b xxu||||| |||| 00| 0 eng d
041 _aeng
080 _a574
082 _a574
100 _a9
101 _aMJE
245 _aSoybeans: Improvement, Production, and Uses
_cWilcox,J.R
942 _2udc
_cBK
999 _c47130
_d47130